| 000 | 00390nam a2200169Ia 4500 | ||
|---|---|---|---|
| 005 | 20250423095905.0 | ||
| 008 | 250422s9999 xx 000 0 und d | ||
| 020 | _a9780199676460 | ||
| 050 | _aKN 398 .S8/ | ||
| 100 | _aSusan, Blake | ||
| 245 | 0 | _aJackson on Alternative dispute Resolution | |
| 260 | _aLondon | ||
| 260 | _bOxford | ||
| 260 | _c2013 | ||
| 300 | _a290 p | ||
| 942 | _cBK | ||
| 999 |
_c31644 _d31644 |
||